Gaming Quiz

Random Gaming Quiz
Score 0/30 Timer 08:00
0 Plays Today
Enemy Group Leader % Correct
ClockworkClockwork King
95.1%
NemesisGerhardt Eisenstadt
95.1%
VahzilokDr. Vahzilok
93.9%
ArachnosStefan Richter
92.7%
PraetoriansEmperor Marcus Cole
91.5%
Devouring EarthHamidon Pasalima
86.6%
RularuuRularuu the Ravager
84.1%
CreyClarissa van Dorn
80.5%
LongbowMegan Duncan
80.5%
Fifth ColumnRidolfo Uzzano
79.3%
OutcastsLeonard Calhoun
76.8%
CouncilThe Center
73.2%
Carnival of ShadowsGiovanna Scaldi
72%
Cimeroran TraitorsRomulus Augustus
68.3%
FamilyEmil Marcone
68.3%
Enemy Group Leader % Correct
TrollsHaripual Atta
64.6%
FreakshowDaniel Watson
59.8%
TsooTub Ci Tang
58.5%
CabalMary MacComber
58.5%
SnakesStheno
57.3%
Winter HordeLord of Winter
51.2%
Fir BolgKing Eochai
50%
WarriorsOdysseus Hill
48.8%
Sky RaidersColonel Virgil Duray
45.1%
Circle of ThornsBaron Zoria
42.7%
Malta OperativesCouncil of Leaders
34.1%
Minions of IgneousKoago
31.7%
MooksGuido Verandi
30.5%
SkullsThe Petrovic Brothers
28%
ScrapyardersDarla Sinclair
24.4%
Remove Ads.
Support Sporcle.
Get the best of Sporcle when you Go Orange. This ad-free experience offers more features, more stats, and more fun while also helping to support Sporcle. Thank you for becoming a member.

You're not logged in!

Compare scores with friends on all Sporcle quizzes.
OR
Log In

Show Comments

Extras

Created Nov 30, 2010SourceReportNominate

Top Quizzes Today


Score Distribution

Your Account Isn't Verified!

In order to create a playlist on Sporcle, you need to verify the email address you used during registration. Go to your Sporcle Settings to finish the process.

Report this User

Report this user for behavior that violates our Community Guidelines.

Details: